El grupo de los tres en el gran caribe / (Registro nro. 1176)
[ vista simple ]
| 000 -CABECERA | |
|---|---|
| Campo de control | 01301cam a2200289 a 4500 |
| 005 - FECHA Y HORA DE LA ULTIMA TRANSACCION | |
| Campo de control | 20171009115512.0 |
| 008 - ELEMENTOS DE LONGITUD FIJA—INFORMACION GENERAL | |
| Campo de control | 020910s1996 ck a r 10010 spa d |
| 015 ## - NATIONAL BIBLIOGRAPHY NUMBER | |
| National bibliography number | ck-1996-xxxx |
| 020 ## - ISBN | |
| ISBN | 9589381154 |
| 040 ## - FUENTE DE CATALOGACIÓN | |
| Agencia catalogadora original | la |
| Agencia transcriptora | la |
| 041 0# - IDIOMA | |
| Código de idioma para texto/pista de sonido o título separado | Español |
| 082 04 - NUMERO DE CLASIFICACION DECIMAL DEWEY | |
| Número de clasificación | 337.3 |
| Número del ítem | S35g |
| 111 2# - ASIENTO PRINCIPAL--NOMBRE DE REUNION | |
| Nombre de reunión o de jurisdicción como elemento de entrada | Seminario Internacional El Grupo de los Tres en el Gran Caribe ( |
| Fecha de la reunión | 199 |
| Lugar de la reunión | Bogotá |
| 9 (RLIN) | 85925 |
| 245 13 - MENCION DE TITULO | |
| Título | El grupo de los tres en el gran caribe / |
| Mención de responsabilidad | Seminario Internacional El Grupo de los Tres en el Gran Caribe ; compilaci�on Juan Pablo Rodr�iguez. |
| 260 ## - PUBLICACION, DISTRIBUCION, ETC. (PIE DE IMPRENTA) | |
| Lugar de publicación, distribución, etc. | Bogotá : |
| Nombre del editor, distribuidor, etc. | Ministerio de Relaciones Exteriores, |
| Fecha de publicación, distribución, etc. | 1996. |
| 300 ## - DESCRIPCION FISICA | |
| Extensión | 204 páginas: |
| Otros detalles físicos | ilustraciones; |
| Dimensiones | 21 x 14 cm. |
| 610 24 - ASIENTO SECUNDARIO DE MATERIA - NOMBRE CORPORATIVO | |
| Nombre corporativo o nombre de la jurisdicción como elemento de entrad | Grupo de los Tres. |
| 9 (RLIN) | 85926 |
| 651 #4 - ASIENTO SECUNDARIO DE MATERIA - NOMBRE GEOGRAFICO | |
| Nombre geográfico | Colombia |
| Subdivisión general | Relaciones económicas exteriores |
| Subdivisión geográfica | Venezuela. |
| 9 (RLIN) | 85927 |
| 651 #4 - ASIENTO SECUNDARIO DE MATERIA - NOMBRE GEOGRAFICO | |
| Nombre geográfico | Venezuela |
| Subdivisión general | Relaciones económicas exteriores |
| Subdivisión geográfica | Colombia. |
| 9 (RLIN) | 85928 |
| 651 #4 - ASIENTO SECUNDARIO DE MATERIA - NOMBRE GEOGRAFICO | |
| Nombre geográfico | Colombia |
| Subdivisión general | Relaciones económicas exteriores |
| Subdivisión geográfica | México. |
| 9 (RLIN) | 85929 |
| 651 #4 - ASIENTO SECUNDARIO DE MATERIA - NOMBRE GEOGRAFICO | |
| Nombre geográfico | México |
| Subdivisión general | Relaciones económicas exteriores |
| Subdivisión geográfica | Colombia. |
| 9 (RLIN) | 85930 |
| 651 #4 - ASIENTO SECUNDARIO DE MATERIA - NOMBRE GEOGRAFICO | |
| Nombre geográfico | Venezuela |
| Subdivisión general | Relaciones económicas exteriores |
| Subdivisión geográfica | México. |
| 9 (RLIN) | 85931 |
| 651 #4 - ASIENTO SECUNDARIO DE MATERIA - NOMBRE GEOGRAFICO | |
| Nombre geográfico | México |
| Subdivisión general | Relaciones económicas exteriores |
| Subdivisión geográfica | Venezuela. |
| 9 (RLIN) | 85932 |
| 700 1# - ASIENTO SECUNDARIO - NOMBRE PERSONAL | |
| Nombre personal | Rodríguez , Juan Pablo, |
| Término de relación | compilador |
| 9 (RLIN) | 85933 |
| 942 ## - ELEMENTOS ADICIONALES (KOHA) | |
| Sistema de clasificación | Dewey Decimal Classification |
| Tipo de ítem | Libro |
| 949 ## - LOCAL PROCESSING INFORMATION (OCLC) | |
| a | n |
| b | n |
| Withdrawn status | Lost status | Sistema de Clasificación | Damaged status | No para préstamo | Colección | Inventariado | Ubicación Permanente | Ubicación actual | Fecha de adquisición | Fuente de Valor | Valor | Total Checkouts | Número topográfico | Inventario / Código de Barras | Date last seen | Ejemplar | Price effective from | Forma de adquisición | Tipo de material |
|---|---|---|---|---|---|---|---|---|---|---|---|---|---|---|---|---|---|---|---|
| Dewey Decimal Classification | General | Inventariado 2017 | Sala Fabio Quevedo | Sala Fabio Quevedo | 18/04/1999 | Instituto | 39000.00 | LB-337.3 S35g | 001601 | 04/12/2012 | Ej. 1 | 04/12/2012 | Donación | Libro |